Проза второй половины XX века. III; Верный Руслан; Москва - Петушки; Где сходится небо с холмами; Цунами; Шура и Просвирняк; Ночевала тучка золотая; Капитан Дикштейн; Душа патриота, или Различные послания к Ферфичкину; Время ночь; Река Оккервиль

Bibliographic Details
Other Authors: Басинский П. В. (составитель), Медведев В. В. (художник)
Language:Russian
Published: Москва, Слово/Slovo, 2000
TOC:Г. Н. Владимов, Верный Руслан;
В. В. Ерофеев, Москва - Петушки;
В. С. Маканин, Где сходится небо с холмами;
А. А. Ким, Цунами;
М. М. Рощин, Шура и Просвирняк;
А. И. Приставкин, Ночевала тучка золотая;
М. Н. Кураев, Капитан Дикштейн;
Е. А. Попов, Душа патриота, или Различные послания к Ферфичкину;
Л. С. Петрушевская, Время ночь;
Т. Н. Толстая, Река Оккервиль;
Series:Пушкинская библиотека
Subjects:
Format: Book
KOHA link:https://koha.lib.tpu.ru/cgi-bin/koha/opac-detail.pl?biblionumber=30737

MARC

LEADER 00000nam0a2200000 4500
001 30737
005 20231101210006.0
010 |a 5850504443 
035 |a (RuTPU)RU\TPU\book\31012 
035 |a BOOK00000018 
090 |a 30737 
100 |a 20011209d2000 m y0rusy50 ca 
101 0 |a rus 
102 |a RU 
105 |a y z 000ad 
200 1 |a Проза второй половины XX века. III  |f сост. П. В. Басинский; худ. В. В. Медведев 
210 |a Москва  |c Слово/Slovo  |d 2000 
215 |a 856 с. 
225 1 |a Пушкинская библиотека 
320 |a Комментарии: с. 850-853. 
464 |t Верный Руслан  |o история караульной собаки  |o повесть  |f Г. Н. Владимов 
464 |t Москва - Петушки  |o поэма  |f В. В. Ерофеев 
464 |t Где сходится небо с холмами  |o повесть  |f В. С. Маканин 
464 |t Цунами  |o исповедь бывшего физика  |o рассказ  |f А. А. Ким 
464 |t Шура и Просвирняк  |o повесть  |f М. М. Рощин 
464 |t Ночевала тучка золотая  |o повесть  |f А. И. Приставкин 
464 |t Капитан Дикштейн  |o фантастическое повествование  |f М. Н. Кураев 
464 |t Душа патриота, или Различные послания к Ферфичкину  |o роман  |f Е. А. Попов 
464 |t Время ночь  |o повесть  |f Л. С. Петрушевская 
464 |t Река Оккервиль  |o рассказ  |f Т. Н. Толстая 
600 1 |a Владимов  |b Г. Н.  |c русский писатель  |c настоящая фамилия Волосевич  |f 1931-  |g Георгий Николаевич  |2 stltpush  |3 (RuTPU)RU\TPU\pers\12311  |9 3321 
600 1 |a Ерофеев  |g Венедикт Васильевич  |c русский писатель  |f 1938-1990  |b В. В.  |2 stltpui  |3 (RuTPU)RU\TPU\pers\1649 
600 1 |a Маканин  |b В. С.  |c русский писатель  |f 1937-  |g Владимир Семенович  |2 stltpush  |3 (RuTPU)RU\TPU\pers\15442  |9 5354 
600 1 |a Ким  |b А. А.  |c русский писатель  |f 1939-  |g Анатолий Андреевич  |2 stltpush  |3 (RuTPU)RU\TPU\pers\15443  |9 5355 
600 1 |a Рощин  |b М. М.  |c русский писатель  |f 1933-  |g Михаил Михайлович  |2 stltpush  |3 (RuTPU)RU\TPU\pers\15444 
600 1 |a Приставкин  |b А. И.  |c русский писатель  |f 1931-  |g Анатолий Игнатьевич  |2 stltpush  |3 (RuTPU)RU\TPU\pers\15445 
600 1 |a Кураев  |b М. Н.  |c русский писатель  |f 1939-  |g Михаил Николаевич  |2 stltpush  |3 (RuTPU)RU\TPU\pers\15446  |9 5358 
600 1 |a Попов  |b Е. А.  |c русский писатель  |f 1946-  |g Евгений Анатольевич  |2 stltpush  |3 (RuTPU)RU\TPU\pers\15447  |9 5359 
600 1 |a Петрушевская  |b Л. С.  |c русская писательница  |f 1938-  |g Людмила Стефановна  |2 stltpush  |3 (RuTPU)RU\TPU\pers\15448  |9 5360 
600 1 |a Толстая  |b Т. Н.  |c русская писательница  |c внучка А. Н. Толстого  |f 1951-  |g Татьяна Никитична  |c публицист  |2 stltpush  |3 (RuTPU)RU\TPU\pers\10850 
610 1 |a проза 
610 1 |a русская литература 
610 1 |a 20 век 
675 |a Р2  |v 3 
702 1 |a Басинский  |b П. В.  |4 220 
702 1 |a Медведев  |b В. В.  |4 040 
801 0 |a RU  |b 63413507  |c 20011209  |g PSBO 
801 2 |a RU  |b 63413507  |c 20180115  |g PSBO 
942 |c BK